00623nam a2200181 i 450000100060000000300090000600500170001500700030003200800410003510000380007624500610011426000300017530000220020560000530022785200220028099900170030295201220031962749ES-MaACL20250902174547.0t|031125s1969 sp |||| |dspa d1 aFernández-Braso, Miguel.94952210aGabriel García Márquez / cMiguel Fernández-Braso. aMadrid : bAzur, c[1969] a108 p. ; c18 cm.14aGarcía Márquez, Gabriel, d1927-20149242191 aES-MaACLjC-52271 c62749d62749 00104070aATENEOMbATENEOMcDEPO2d2008-01-17eSCl0oC-52271p1065780r2023-02-23 00:00:00w2023-02-23yMONOGRAFIA